Pakistan at the crosscurrent of history / (Record no. 16273)

000 -LEADER
fixed length control field 00982cam a2200301 a 4500
001 - CONTROL NUMBER
control field 13981279
005 - DATE AND TIME OF LATEST TRANSACTION
control field 20170105102936.0
008 - FIXED-LENGTH DATA ELEMENTS--GENERAL INFORMATION
fixed length control field 050525s2005 ii b b 000 0 eng
010 ## - LIBRARY OF CONGRESS CONTROL NUMBER
LC control number 2005320954
020 ## - INTERNATIONAL STANDARD BOOK NUMBER
International Standard Book Number 8170492238
025 ## - OVERSEAS ACQUISITION NUMBER
Overseas acquisition number I-E-2005-320954; 63-09
037 ## - SOURCE OF ACQUISITION
Source of stock number/acquisition Library of Congress -- New Delhi Overseas Office
Terms of availability Rs895.00
040 ## - CATALOGING SOURCE
Original cataloging agency DLC
Transcribing agency DLC
042 ## - AUTHENTICATION CODE
Authentication code lcode
043 ## - GEOGRAPHIC AREA CODE
Geographic area code a-pk---
050 00 - LIBRARY OF CONGRESS CALL NUMBER
Classification number DS383.5.A2
Item number Z57 2005
082 ## - DEWEY DECIMAL CLASSIFICATION NUMBER
Classification number 954.91
Author Mark ZIR 2004
100 1# - MAIN ENTRY--PERSONAL NAME
Personal name Ziring, Lawrence,
Dates associated with a name 1928-
245 10 - TITLE STATEMENT
Title Pakistan at the crosscurrent of history /
Statement of responsibility, etc. Lawrence Ziring.
260 ## - PUBLICATION, DISTRIBUTION, ETC.
Place of publication, distribution, etc. New Delhi :
Name of publisher, distributor, etc. Manas Publications,
Date of publication, distribution, etc. 2004.
300 ## - PHYSICAL DESCRIPTION
Extent xvi, 383 p. :
Other physical details maps ;
Dimensions 23 cm.
500 ## - GENERAL NOTE
General note "Published in arrangement with Oneworld Publications."
504 ## - BIBLIOGRAPHY, ETC. NOTE
Bibliography, etc. note Includes bibliographical references.
651 #0 - SUBJECT ADDED ENTRY--GEOGRAPHIC NAME
Geographic name Pakistan
General subdivision Politics and government.
906 ## - LOCAL DATA ELEMENT F, LDF (RLIN)
a 7
b cbc
c origode
d 3
e ncip
f 20
g y-gencatlg
942 ## - ADDED ENTRY ELEMENTS (KOHA)
Source of classification or shelving scheme
Koha item type Book
Holdings
Withdrawn status Lost status Damaged status Not for loan Collection code Permanent Location Current Location Shelving location Date acquired Total Checkouts Full call number Barcode Date last seen Date last checked out Price effective from Koha item type
          Centre for International Peace & Stability (CIPS) Centre for International Peace & Stability (CIPS) General Stacks 03/14/2016 1 954.91 ZIR 2004 CIPS0002803 01/25/2019 01/23/2019 03/14/2016 Book
© 2023 Central Library, National University of Sciences and Technology. All Rights Reserved.